00589nam a2200229Ia 4500003000900000005001700009008004100026040001300067040001300080041000800093100001800101100000900119245013800128250000900266260002500275260000900300300001100309300001200320300001000332490001100342490000600353IT-RoPAU20220918175827.0120407s9999 xx 000 0 und d aIT-RoPAU cIT-RoPAU aita aLucia, Avetta ccur. aRoma - via Imperiale, scavi e scoperte (1937-1950) nella costruzione di via delle Terme di Caracalla e di via Cristoforo Colombo Roma aRoma aStoria e Letteratura c1985 a300 p. bill tav c26 cm aTituli v3